Real Sporting de Gijón Squad 2025-2026 - Statistics

General Stats
  • This quiz has been taken 34 times
    8 since last reset
  • The average score is 21 of 28
Answer Stats
# Position Nation Player % Correct
14 MF Spain Àlex Corredera
100%
- Coach Spain Borja Jiménez
100%
10 MF Spain César Gelabert
100%
17 FW Spain Jonathan Dubasin
100%
19 FW Colombia Juan Otero
100%
24 MF Canada Justin Smith
100%
20 DF Spain Kevin Vázquez
100%
4 DF France Lucas Perrin
100%
15 DF Spain Pablo Vázquez
100%
1 GK Spain Rubén Yáñez
100%
9 FW Uruguay Andrés Ferrari
80%
- Coach Spain Asier Garitano
80%
12 DF Spain Brian Oliván
80%
23 DF Spain Eric Curbelo
80%
7 FW Spain Gaspar Campos
80%
2 DF Spain Guille Rosas
80%
9 FW Ecuador Jordy Caicedo
80%
11 FW Spain Dani Queipo
60%
5 DF Spain Diego Sánchez
60%
6 MF Spain Nacho Martín
60%
3 DF Spain Pablo García
60%
18 FW Senegal Amadou Coundoul
40%
44 DF Spain Andrés Cuenca
40%
13 GK Cuba Christian Joel
40%
8 MF Spain Jesús Bernal
40%
21 MF Senegal Mamadou Loum
40%
16 FW Colombia Óscar Cortés
40%
22 DF France Yann Kembo
40%
No matching quizzes found
Score Distribution
Percent of People with Each Score
Percentile by Number Answered
Your Score History
You have not taken this quiz since the last reset